The hour awaits
Uloženo v:
| Hlavní autor: | |
|---|---|
| Médium: | Kniha |
| Jazyk: | angličtina |
| Vydáno: |
Filadelfia
J.B. Lippincott Company
1952
|
| Témata: | |
| Tagy: |
Přidat tag
Žádné tagy, Buďte první, kdo vytvoří štítek k tomuto záznamu!
|
MARC
| LEADER | 00000nam a2200000 a 4500 | ||
|---|---|---|---|
| 001 | UCQ3806 | ||
| 003 | CL-VaPUC | ||
| 008 | 980828e19520000US |||||||||||||||||eng|d | ||
| 082 | 0 | 4 | |a 813 |b COS |2 21 |
| 100 | 0 | |a Cost, March |e author |9 418041 | |
| 245 | 1 | 4 | |a The hour awaits |
| 300 | |a 285 p | ||
| 942 | |c BK | ||
| 945 | |d 19980828 00:00:00 |a crobeson | ||
| 260 | |a Filadelfia |b J.B. Lippincott Company |c 1952 | ||
| 650 | 0 | |a Novelas estadounidenses |9 265217 | |
| 650 | 0 | |a Literatura estadounidense |9 317168 | |
| 583 | |a last modification |c 19980828 00:00:00 |k Rodrigo Vera | ||
| 999 | |c 274319 |d 274317 | ||
| 952 | |0 0 |1 0 |4 0 |6 813_000000000000000_COS_1952 |7 0 |8 A |9 310468 |a BIBEDU |b BIBEDU |d 2019-11-20 |i 1458485 |o 813 COS 1952 |p 1458485 |r 2019-11-20 |w 2019-11-20 |y BK |k LIT | ||